<?xml version="1.0" encoding="UTF-8"?>
<record
    xmlns:xsi="http://www.w3.org/2001/XMLSchema-instance"
    xsi:schemaLocation="http://www.loc.gov/MARC21/slim http://www.loc.gov/standards/marcxml/schema/MARC21slim.xsd"
    xmlns="http://www.loc.gov/MARC21/slim">

  <leader>00896cam a2200241 i 4500</leader>
  <controlfield tag="001">sa 68002500 </controlfield>
  <controlfield tag="003">DLC</controlfield>
  <controlfield tag="005">20260227112443.0</controlfield>
  <controlfield tag="008">840913s1967    ii            000 0 malo </controlfield>
  <datafield tag="010" ind1=" " ind2=" ">
    <subfield code="a">sa 68002500 </subfield>
  </datafield>
  <datafield tag="040" ind1=" " ind2=" ">
    <subfield code="a">DLC</subfield>
    <subfield code="c">DLC</subfield>
    <subfield code="d">DLC</subfield>
  </datafield>
  <datafield tag="050" ind1="0" ind2="0">
    <subfield code="a">PL4718.9.P734</subfield>
    <subfield code="b">B47 1967</subfield>
  </datafield>
  <datafield tag="100" ind1="0" ind2=" ">
    <subfield code="a">Puna&#x1E43;namp&#x16B;tiri,</subfield>
    <subfield code="d">active 15th century.</subfield>
  </datafield>
  <datafield tag="240" ind1="1" ind2="0">
    <subfield code="a">Bh&#x101;&#x1E63;&#x101;r&#x101;m&#x101;ya&#x1E47;acampu</subfield>
  </datafield>
  <datafield tag="245" ind1="1" ind2="0">
    <subfield code="a">Puna&#x1E43;namp&#x16B;tiriyu&#x1E6D;e bh&#x101;&#x1E63;&#x101;r&#x101;m&#x101;ya&#x1E47;acampu :</subfield>
    <subfield code="b">Vy&#x101;khy&#x101;natt&#x14D;&#x1E6D;iva samp&#x16B;r&#x1E47;&#x1E47;a pras&#x101;dhana&#x1E43;.</subfield>
  </datafield>
  <datafield tag="260" ind1=" " ind2=" ">
    <subfield code="a">Tr&#x325;&#x15B;&#x15B;ivap&#x113;r&#x16B;r :</subfield>
    <subfield code="b">K&#x113;rala S&#x101;hitya Ak&#x101;dami pras&#x101;dhana&#x1E43; ;</subfield>
    <subfield code="a">Kottayam :</subfield>
    <subfield code="b">vitara&#x1E47;a&#x1E43; N&#x101;&#x1E63;anal Bukkst&#x332;&#x101;&#x1E37;,</subfield>
    <subfield code="c">1967.</subfield>
  </datafield>
  <datafield tag="300" ind1=" " ind2=" ">
    <subfield code="a">xcv, 952 p. ;</subfield>
    <subfield code="c">22 cm.</subfield>
  </datafield>
  <datafield tag="500" ind1=" " ind2=" ">
    <subfield code="a">In Malayalam.</subfield>
  </datafield>
  <datafield tag="500" ind1=" " ind2=" ">
    <subfield code="a">Based on the R&#x101;m&#x101;ya&#x1E47;a of V&#x101;lm&#x12B;ki.</subfield>
  </datafield>
  <datafield tag="650" ind1=" " ind2="0">
    <subfield code="a">R&#x101;ma (Hindu deity)</subfield>
    <subfield code="x">Poetry.</subfield>
  </datafield>
  <datafield tag="700" ind1="0" ind2=" ">
    <subfield code="a">V&#x101;lm&#x12B;ki.</subfield>
    <subfield code="t">R&#x101;m&#x101;ya&#x1E47;a.</subfield>
  </datafield>
  <datafield tag="740" ind1="0" ind2=" ">
    <subfield code="a">Bh&#x101;&#x1E63;&#x101;r&#x101;m&#x101;ya&#x1E47;acampu.</subfield>
  </datafield>
  <datafield tag="999" ind1=" " ind2=" ">
    <subfield code="c">78774</subfield>
    <subfield code="d">78774</subfield>
  </datafield>
</record>
